000 00889nam a2200253Ia 4500
003 OSt
005 20220923230618.0
006 a|||||r|||| 00| 0
007 ta
008 220922b |||||||| |||| 00| 0 hin d
024 _a284,344
037 _cTextual
040 _aARTS
_cARTS
_bhin
041 _2hin
_ahin
082 _aO15:30j4, 152J1
100 _aद्विवेदी, कपिलदेव
245 0 _aअर्थविज्ञान और व्याकरणदर्शन
246 _aArthavijnyān aur vyākaraṇadarshana
260 _aइलाहाबाद
_b हिदुस्तानी ऐकेडमी
_c1951
300 _a398पृ.
_ccm.
650 _aहिन्दी साहित्य
_9156264
942 _hO15:30j4, 152J1
_cTEXL
_2CC
999 _c386046
_d386046